[Event "Tianjin Binhai Cup-A 3rd"]
[Site "Tianjin"]
[Date "2023.08.24"]
[Round "7"]
[White "Hong, Xing"]
[Black "Yu, Lei"]
[Result "1-0"]
[WhiteElo "1941"]
[BlackElo "2119"]
[PlyCount "41"]
[EventDate "2023.08.20"]
[EventType "swiss"]
[EventRounds "9"]
[EventCountry "CHN"]
[SourceTitle "CBM 215 Extra"]
[Source "ChessBase"]
[SourceDate "2023.09.30"]
[SourceVersion "1"]
[SourceVersionDate "2023.09.30"]
[SourceQuality "1"]

1. c4 Nf6 2. Nf3 c6 3. e3 d5 4. Nc3 e6 5. b3 Be7 6. Bb2 0-0 7. Qc2 Nbd7 8. Be2 b6 9. Rg1 Bb7 10. g4 c5 11. g5 Ne8 12. h4 Rc8 13. Bd3 d4 14. Bxh7+ Kh8 15. Ne4 g6 16. h5 Kxh7 17. exd4 f5 18. gxf6 Bxf6 19. Neg5+ Kh8 20. Qxg6 Qe7 21. Qh6+ 1-0

[Event "Tianjin Binhai Cup-A 3rd"]
[Site "Tianjin"]
[Date "2023.08.22"]
[Round "5"]
[White "Hong, Xing"]
[Black "Cai, Ruichen"]
[Result "1-0"]
[WhiteElo "1941"]
[BlackElo "1863"]
[PlyCount "45"]
[EventDate "2023.08.20"]
[EventType "swiss"]
[EventRounds "9"]
[EventCountry "CHN"]
[SourceTitle "CBM 215 Extra"]
[Source "ChessBase"]
[SourceDate "2023.09.30"]
[SourceVersion "1"]
[SourceVersionDate "2023.09.30"]
[SourceQuality "1"]

1. e4 c6 2. Nc3 d5 3. Nf3 Bg4 4. h3 Bh5 5. g4 Bg6 6. exd5 cxd5 7. h4 e6 8. Ne5 Qc7 9. d4 f6 10. Nb5 Qd8 11. Nxg6 hxg6 12. Bf4 Na6 13. Bd3 Kf7 14. h5 gxh5 15. gxh5 f5 16. Qe2 Nf6 17. 0-0-0 Ne4 18. f3 Nd6 19. Qg2 Qd7 20. Qg6+ Kg8 21. h6 Rh7 22. Rdg1 Nxb5 23. Qxh7+ 1-0

[Event "Tianjin Binhai Cup-A 3rd"]
[Site "Tianjin"]
[Date "2023.08.21"]
[Round "3"]
[White "Zhang, Fuhan"]
[Black "Hong, Xing"]
[Result "1/2-1/2"]
[WhiteElo "2099"]
[BlackElo "1941"]
[PlyCount "101"]
[EventDate "2023.08.20"]
[EventType "swiss"]
[EventRounds "9"]
[EventCountry "CHN"]
[SourceTitle "CBM 215 Extra"]
[Source "ChessBase"]
[SourceDate "2023.09.30"]
[SourceVersion "1"]
[SourceVersionDate "2023.09.30"]
[SourceQuality "1"]

1. d4 Nf6 2. Nf3 g6 3. g3 Bg7 4. Bg2 0-0 5. 0-0 d6 6. c4 Nbd7 7. Qc2 e5 8. dxe5 dxe5 9. Rd1 Re8 10. Nc3 c6 11. Ng5 Qe7 12. Nge4 Nxe4 13. Nxe4 Nc5 14. Nd6 Rd8 15. Nxc8 Rxd1+ 16. Qxd1 Rxc8 17. Be3 b6 18. Bxc5 bxc5 19. Qc2 f5 20. e4 f4 21. Qa4 Rd8 22. Qxc6 Rd2 23. Bf3 fxg3 24. hxg3 Qf6 25. Qe8+ Bf8 26. Rd1 Rxd1+ 27. Bxd1 Qe7 28. Qc8 h5 29. Ba4 Kh7 30. Bc6 Bg7 31. Bd5 h4 32. Kf1 hxg3 33. fxg3 Qf8+ 34. Qxf8 Bxf8 35. Ke2 Kh6 36. Kd3 Kg5 37. Be6 Kf6 38. Bh3 Ke7 39. Kc3 Kd6 40. Kb3 Bh6 41. Ka4 Kc6 42. Ka5 Kb7 43. Kb5 Be3 44. a3 a6+ 45. Ka5 Bc1 46. b4 Bxa3 47. b5 Bb4+ 48. Ka4 Be1 49. bxa6+ Kxa6 50. Bc8+ Kb6 51. g4 1/2-1/2

[Event "CHN-ch sf (Women)"]
[Site "Hefei"]
[Date "2023.04.27"]
[Round "9"]
[White "Hong, Xing"]
[Black "Chen, Hongbei"]
[Result "1-0"]
[WhiteElo "1995"]
[BlackElo "1562"]
[PlyCount "49"]
[EventDate "2023.04.23"]
[EventType "swiss"]
[EventRounds "11"]
[EventCountry "CHN"]
[SourceTitle "CBM 214 Extra"]
[Source "ChessBase"]
[SourceDate "2023.07.31"]
[SourceVersion "1"]
[SourceVersionDate "2023.07.31"]
[SourceQuality "1"]

1. e4 e5 2. Nc3 Nc6 3. g3 d6 4. Bg2 f5 5. d3 Nf6 6. Nge2 fxe4 7. dxe4 Bg4 8. h3 Bxe2 9. Nxe2 Qe7 10. 0-0 0-0-0 11. a4 Qe6 12. Nc3 Qc4 13. Be3 a6 14. Qd2 Nb4 15. Nd5 Nbxd5 16. exd5 e4 17. Rfd1 c6 18. dxc6 Qxc6 19. b4 d5 20. b5 Qc7 21. bxa6 bxa6 22. Rab1 Bc5 23. Qe2 Rdf8 24. Qxa6+ Kd8 25. Rb7 1-0

[Event "CHN-ch sf (Women)"]
[Site "Hefei"]
[Date "2023.04.25"]
[Round "6"]
[White "Hong, Xing"]
[Black "Yuan, Zhilin"]
[Result "1-0"]
[WhiteElo "1995"]
[BlackElo "1693"]
[PlyCount "103"]
[EventDate "2023.04.23"]
[EventType "swiss"]
[EventRounds "11"]
[EventCountry "CHN"]
[SourceTitle "CBM 214 Extra"]
[Source "ChessBase"]
[SourceDate "2023.07.31"]
[SourceVersion "1"]
[SourceVersionDate "2023.07.31"]
[SourceQuality "1"]

1. e4 c5 2. Nf3 d6 3. d4 cxd4 4. Nxd4 Nf6 5. Nc3 a6 6. Bg5 e6 7. f4 Be7 8. Qf3 Qc7 9. 0-0-0 0-0 10. g4 b5 11. Bxf6 Bxf6 12. g5 Be7 13. Rg1 Nc6 14. Nxc6 Qxc6 15. Kb1 Bd7 16. Bd3 f5 17. Rg3 Qc5 18. exf5 exf5 19. Nd5 Rae8 20. b4 Qa7 21. Nxe7+ Rxe7 22. Qd5+ Be6 23. Qxd6 g6 24. Bf1 Rfe8 25. Qd4 Qc7 26. Rc3 Qb8 27. Bd3 Rd8 28. Qc5 Qb7 29. Kb2 Rd5 30. Qc6 Qb8 31. Re1 Rd6 32. Qc5 Qd8 33. Bf1 Rd5 34. Rd3 Rc7 35. Qe3 Bf7 36. Red1 Rxd3 37. Rxd3 Qc8 38. Qd2 Kg7 39. Rd6 Bg8 40. Bg2 Rc4 41. c3 Bf7 42. Rd7 Qe8 43. Bf1 Re4 44. Rd6 Qc8 45. Bd3 Re6 46. Rd4 Re8 47. Bc2 Bc4 48. Rd7+ Kg8 49. Qd4 Bf7 50. Rxf7 Kxf7 51. Qf6+ Kg8 52. Bb3+ 1-0

[Event "CHN-ch sf (Women)"]
[Site "Hefei"]
[Date "2023.04.24"]
[Round "4"]
[White "Hong, Xing"]
[Black "Zhou, Yafei"]
[Result "0-1"]
[WhiteElo "1995"]
[BlackElo "1675"]
[PlyCount "72"]
[EventDate "2023.04.23"]
[EventType "swiss"]
[EventRounds "11"]
[EventCountry "CHN"]
[SourceTitle "CBM 214 Extra"]
[Source "ChessBase"]
[SourceDate "2023.07.31"]
[SourceVersion "1"]
[SourceVersionDate "2023.07.31"]
[SourceQuality "1"]

1. e4 c5 2. Nc3 d6 3. d3 g6 4. g3 Bg7 5. Bg2 Nf6 6. f4 Nc6 7. Nf3 0-0 8. 0-0 Rb8 9. h3 e5 10. Be3 Nh5 11. Kh2 exf4 12. gxf4 f5 13. Qd2 h6 14. d4 fxe4 15. Nxe4 Bf5 16. Ng3 Nxg3 17. Kxg3 b6 18. c3 Ne7 19. dxc5 dxc5 20. Rad1 Be6 21. Nh4 g5 22. fxg5 Be5+ 23. Bf4 Qxd2 24. Rxd2 Rxf4 25. Nf3 Rd4+ 26. Kf2 Rxd2+ 27. Nxd2 Bf4 28. Ne4 hxg5 29. Re1 Kf7 30. a4 Nf5 31. b4 cxb4 32. cxb4 Rc8 33. a5 Rc2+ 34. Re2 Be3+ 35. Kf3 Nd4+ 36. Kxe3 Rxe2+ 0-1

[Event "CHN-chTB"]
[Site "Hefei"]
[Date "2023.04.20"]
[Round "6"]
[White "Gu, Tianlu"]
[Black "Hong, Xing"]
[Result "1-0"]
[WhiteElo "2261"]
[BlackElo "1995"]
[PlyCount "69"]
[EventDate "2023.04.17"]
[EventType "team-swiss"]
[EventRounds "9"]
[EventCountry "CHN"]
[SourceTitle "EXT 2024"]
[Source "ChessBase"]
[SourceDate "2023.10.10"]
[SourceVersion "1"]
[SourceVersionDate "2023.10.10"]
[SourceQuality "1"]
[WhiteTeam "Guangzhou Lingnan"]
[BlackTeam "Chongqing Qilin"]
[WhiteTeamCountry "CHN"]
[BlackTeamCountry "CHN"]

1. e4 c5 2. Nf3 Nc6 3. Bb5 g6 4. Bxc6 dxc6 5. d3 Bg7 6. h3 e5 7. Be3 Qe7 8. Nc3 Nf6 9. Qd2 Nd7 10. 0-0 f5 11. exf5 gxf5 12. Rae1 0-0 13. Bh6 Re8 14. Nh2 Nf8 15. Bxg7 Qxg7 16. f4 Bd7 17. fxe5 Rxe5 18. Rxe5 Qxe5 19. Nf3 Qg3 20. Ne2 Qg7 21. Nf4 Be8 22. b3 Bf7 23. Re1 Qf6 24. Qf2 Qd6 25. Re5 b6 26. Rxf5 Bg6 27. Nxg6 hxg6 28. Re5 Nd7 29. Re1 Nf6 30. Ng5 Qd4 31. Qxd4 cxd4 32. Re6 Kg7 33. Rxc6 Nd5 34. Ne6+ Kf7 35. Nxd4 1-0

[Event "China zt 3.5 (Women)"]
[Site "Shenzhen"]
[Date "2023.04.13"]
[Round "9"]
[White "Wang, Doudou"]
[Black "Hong, Xing"]
[Result "1/2-1/2"]
[WhiteElo "2161"]
[BlackElo "1995"]
[PlyCount "60"]
[EventDate "2023.04.05"]
[EventType "swiss"]
[EventRounds "9"]
[EventCountry "CHN"]
[SourceTitle "CBM 213 Extra"]
[Source "ChessBase"]
[SourceDate "2023.05.31"]
[SourceVersion "1"]
[SourceVersionDate "2023.05.31"]
[SourceQuality "1"]

1. d4 d5 2. c4 c6 3. Nc3 Nf6 4. cxd5 cxd5 5. Nf3 Nc6 6. Bf4 a6 7. e3 e6 8. Bd3 Bd6 9. Bxd6 Qxd6 10. 0-0 0-0 11. Rc1 Bd7 12. a3 Na7 13. Ne5 g6 14. Qe2 Rac8 15. Rc2 Rc7 16. Rfc1 Rfc8 17. Na2 Bb5 18. h3 Nd7 19. Nf3 Nf6 20. Ne5 Nd7 21. Nf3 Nf6 22. Rxc7 Rxc7 23. Rxc7 Qxc7 24. Qc2 Ne8 25. Qxc7 Nxc7 26. Ne5 f6 27. Bxb5 Naxb5 28. Nd3 Kf7 29. Kf1 Nd6 30. Ke2 Nc4 1/2-1/2

[Event "China zt 3.5 (Women)"]
[Site "Shenzhen"]
[Date "2023.04.12"]
[Round "8"]
[White "Hong, Xing"]
[Black "Lu, Miaoyi"]
[Result "0-1"]
[WhiteElo "1995"]
[BlackElo "2305"]
[PlyCount "56"]
[EventDate "2023.04.05"]
[EventType "swiss"]
[EventRounds "9"]
[EventCountry "CHN"]
[SourceTitle "CBM 213 Extra"]
[Source "ChessBase"]
[SourceDate "2023.05.31"]
[SourceVersion "1"]
[SourceVersionDate "2023.05.31"]
[SourceQuality "1"]

1. e4 c5 2. Nc3 Nc6 3. Nge2 g6 4. d4 cxd4 5. Nxd4 Bg7 6. Be3 Nf6 7. Nxc6 bxc6 8. e5 Ng8 9. f4 Nh6 10. Qd2 d6 11. exd6 Nf5 12. dxe7 Qxe7 13. 0-0-0 0-0 14. Bf2 Be6 15. g4 Rab8 16. b3 Rfd8 17. Bd3 Qa3+ 18. Kb1 Nd6 19. Be2 Bd5 20. Bd4 Ne4 21. Qe3 Bxd4 22. Qxd4 Bxb3 23. Qxd8+ Rxd8 24. Rxd8+ Kg7 25. cxb3 Nxc3+ 26. Kc2 Nxe2 27. Rf1 Qxa2+ 28. Kd3 Qa6+ 0-1

[Event "CHN-chB (Women)"]
[Site "Qiziwan"]
[Date "2023.01.31"]
[Round "4"]
[White "Hong, Xing"]
[Black "Bai, Xue"]
[Result "1/2-1/2"]
[WhiteElo "1999"]
[BlackElo "2102"]
[PlyCount "70"]
[EventDate "2023.01.30"]
[EventType "swiss"]
[EventRounds "11"]
[EventCountry "CHN"]
[SourceTitle "CBM 212 Extra"]
[Source "ChessBase"]
[SourceDate "2023.03.31"]
[SourceVersion "1"]
[SourceVersionDate "2023.03.31"]
[SourceQuality "1"]

1. e4 e5 2. Nf3 Nc6 3. d4 exd4 4. Nxd4 Nf6 5. Nxc6 bxc6 6. Nd2 d5 7. exd5 cxd5 8. Bb5+ Bd7 9. Bxd7+ Qxd7 10. 0-0 Be7 11. b3 0-0 12. Bb2 Qf5 13. Nf3 c5 14. Re1 Rfe8 15. Re5 Qd7 16. Qd3 d4 17. c3 dxc3 18. Qxc3 h6 19. h3 Bf8 20. Rae1 Rxe5 21. Nxe5 Qd5 22. Re3 Re8 23. Nc4 Rxe3 24. Nxe3 Qe4 25. Qc2 Qxc2 26. Nxc2 Nd5 27. g3 f6 28. Kg2 Kf7 29. Kf3 Ke6 30. Ke4 Bd6 31. Kd3 a6 32. Kc4 Nb6+ 33. Kd3 Nd5 34. Kc4 Nb6+ 35. Kd3 Nd5 1/2-1/2

[Event "Tianjin Binhai Cup 2nd"]
[Site "Tianjin"]
[Date "2020.01.18"]
[Round "9"]
[White "Hong, Xing"]
[Black "Du, Yuxin"]
[Result "1-0"]
[WhiteElo "1971"]
[BlackElo "2073"]
[PlyCount "61"]
[EventDate "2020.01.13"]
[EventType "swiss"]
[EventRounds "9"]
[EventCountry "CHN"]
[SourceTitle "CBM 194 Extra"]
[Source "ChessBase"]
[SourceDate "2020.03.31"]
[SourceVersion "1"]
[SourceVersionDate "2020.03.31"]
[SourceQuality "1"]

1. e4 e6 2. d4 d5 3. exd5 exd5 4. Nf3 Nf6 5. Bd3 Bd6 6. 0-0 0-0 7. Bg5 Bg4 8. Nbd2 Nbd7 9. c4 c6 10. c5 Bc7 11. Qc2 h6 12. Bh4 Re8 13. b4 Bf4 14. h3 Bxf3 15. Nxf3 Rc8 16. Bf5 a6 17. g3 Bc7 18. Bxf6 gxf6 19. Qd2 Kg7 20. Bc2 Rh8 21. Nh4 Kf8 22. Rae1 h5 23. Re2 b6 24. Rfe1 bxc5 25. bxc5 Ba5 26. Re8+ Kg7 27. Nf5+ Kg6 28. Nh6+ Kg7 29. Rxh8 Bxd2 30. Rh7+ Kf8 31. Rxf7# 1-0

[Event "Tianjin Binhai Cup 2nd"]
[Site "Tianjin"]
[Date "2020.01.17"]
[Round "8"]
[White "Zhang, Lanlin"]
[Black "Hong, Xing"]
[Result "1/2-1/2"]
[WhiteElo "2173"]
[BlackElo "1971"]
[PlyCount "70"]
[EventDate "2020.01.13"]
[EventType "swiss"]
[EventRounds "9"]
[EventCountry "CHN"]
[SourceTitle "CBM 194 Extra"]
[Source "ChessBase"]
[SourceDate "2020.03.31"]
[SourceVersion "1"]
[SourceVersionDate "2020.03.31"]
[SourceQuality "1"]

1. e4 c5 2. Nf3 Nc6 3. d4 cxd4 4. Nxd4 e5 5. Nxc6 dxc6 6. Qxd8+ Kxd8 7. Bg5+ Be7 8. Bxe7+ Nxe7 9. Nc3 Bg4 10. Be2 Bxe2 11. Kxe2 Kc7 12. Rad1 Rad8 13. Rxd8 Rxd8 14. Rd1 Rxd1 15. Nxd1 Kd7 16. Kd2 Ke6 17. Ke3 f5 18. f4 h6 19. Nf2 g5 20. g3 fxe4 21. Kxe4 exf4 22. gxf4 gxf4 23. Nd3 b6 24. Nxf4+ Kd6 25. b4 a5 26. a3 axb4 27. axb4 c5 28. bxc5+ bxc5 29. c4 Nc6 30. Kf5 Ne5 31. Ne6 Nxc4 32. Nxc5 Kxc5 33. Kg6 Ne3 34. Kxh6 Ng4+ 35. Kg5 Nxh2 1/2-1/2

[Event "CHN-ch rapid (Women)"]
[Site "Tianjin"]
[Date "2019.12.18"]
[Round "8"]
[White "Hu, Yu A"]
[Black "Hong, Xing"]
[Result "0-1"]
[WhiteElo "2135"]
[BlackElo "1973"]
[PlyCount "90"]
[EventDate "2019.12.17"]
[EventType "swiss (rapid)"]
[EventRounds "9"]
[EventCountry "CHN"]
[SourceTitle "CBM 193 Extra"]
[Source "ChessBase"]
[SourceDate "2020.01.31"]
[SourceVersion "1"]
[SourceVersionDate "2020.01.31"]
[SourceQuality "1"]

1. e4 c5 2. Nf3 Nc6 3. Bb5 g6 4. Bxc6 dxc6 5. d3 Bg7 6. h3 e5 7. Be3 Qe7 8. Nc3 Nf6 9. Qd2 0-0 10. 0-0-0 b5 11. g4 b4 12. Ne2 Rd8 13. Qe1 a5 14. Kb1 a4 15. Ng3 b3 16. Qc3 bxa2+ 17. Ka1 Nd7 18. h4 h6 19. h5 g5 20. Nf5 Qe6 21. Rdg1 f6 22. Nd2 Bf8 23. f3 Kh7 24. Nc4 Ba6 25. Bc1 Rdb8 26. Nce3 Rb4 27. Qa3 Rab8 28. Qxa2 Qe8 29. Rd1 R4b7 30. Nc4 Bxc4 31. Qxc4 Nb6 32. Qa2 Nc8 33. Rh2 Na7 34. c3 Nb5 35. c4 Nc7 36. Be3 Ne6 37. Rhd2 Rb3 38. Rc2 Qd7 39. Rcd2 Qb7 40. Rc2 Ra8 41. Rc3 Nd4 42. Ng3 a3 43. Rxb3 axb2+ 44. Kb1 Nxb3 45. Qxb2 Qa7 0-1

[Event "CHN-ch blitz (Women)"]
[Site "Shenyang"]
[Date "2019.12.18"]
[Round "5"]
[White "Song, Yuxin"]
[Black "Hong, Xing"]
[Result "1/2-1/2"]
[WhiteElo "2128"]
[BlackElo "2052"]
[PlyCount "90"]
[EventDate "2019.12.18"]
[EventType "swiss (blitz)"]
[EventRounds "9"]
[EventCountry "CHN"]
[SourceTitle "CBM 193 Extra"]
[Source "ChessBase"]
[SourceDate "2020.01.31"]
[SourceVersion "1"]
[SourceVersionDate "2020.01.31"]
[SourceQuality "1"]

1. e4 c5 2. Nf3 e6 3. d4 cxd4 4. Nxd4 Nf6 5. Nc3 Nc6 6. g3 Bb4 7. Bg2 0-0 8. 0-0 a6 9. Nde2 b5 10. Bf4 e5 11. Bg5 Be7 12. Bxf6 Bxf6 13. Nd5 d6 14. c3 Be6 15. a4 bxa4 16. Rxa4 a5 17. Kh1 Rb8 18. Qd2 Bxd5 19. exd5 Ne7 20. c4 Qb6 21. Ra2 Rfc8 22. Rc1 g6 23. Rc2 Qxf2 24. Rxa5 e4 25. Ra2 e3 26. Qd1 Qf5 27. Nf4 Bg5 28. Bh3 Qe4+ 29. Bg2 Qe5 30. Ne2 Nf5 31. Qd3 Bf6 32. Bf3 Kg7 33. Kg2 Re8 34. b3 Qe7 35. Ra6 Qb7 36. Ra3 Qb4 37. Rca2 Qc5 38. h3 Qb4 39. Qd1 Rb7 40. Qb1 Reb8 41. Qd1 Qc5 42. Qc2 Qb4 43. Qd1 Qc5 44. Qc2 Qb4 45. Qd1 Qc5 1/2-1/2

[Event "CHN-ch rapid (Women)"]
[Site "Tianjin"]
[Date "2019.12.17"]
[Round "4"]
[White "Hong, Xing"]
[Black "Wang, Yu A"]
[Result "1/2-1/2"]
[WhiteElo "1973"]
[BlackElo "2307"]
[PlyCount "84"]
[EventDate "2019.12.17"]
[EventType "swiss (rapid)"]
[EventRounds "9"]
[EventCountry "CHN"]
[SourceTitle "CBM 193 Extra"]
[Source "ChessBase"]
[SourceDate "2020.01.31"]
[SourceVersion "1"]
[SourceVersionDate "2020.01.31"]
[SourceQuality "1"]

1. e4 e5 2. Nf3 Nc6 3. d4 exd4 4. Nxd4 Nf6 5. Nc3 Bb4 6. Nxc6 bxc6 7. Bd3 d5 8. exd5 cxd5 9. 0-0 0-0 10. h3 c6 11. Qf3 Bd6 12. Ne2 Re8 13. Bf4 Rb8 14. b3 Rb7 15. Rad1 Bxf4 16. Nxf4 Qa5 17. a4 Rbe7 18. c4 Bb7 19. cxd5 cxd5 20. Bb5 Rd8 21. Rd4 a6 22. Be2 Rc8 23. Nh5 Nxh5 24. Qxh5 g6 25. Qf3 Rc3 26. Bd3 Qb6 27. Qf4 Rxb3 28. Rd1 Qc7 29. Qh6 Qc3 30. Rh4 Re1+ 31. Rxe1 Qxe1+ 32. Bf1 Rb1 33. Qxh7+ Kf8 34. Qh6+ Ke8 35. Qe3+ Qxe3 36. fxe3 Ke7 37. Rd4 Kd6 38. Kf2 Ke5 39. Be2 Rb2 40. Kf3 Bc8 41. g4 a5 42. Bb5 Be6 1/2-1/2

[Event "CHN-chN (Women)"]
[Site "Jiangmen"]
[Date "2018.07.20"]
[Round "6"]
[White "Zhou, Shujun"]
[Black "Hong, Xing"]
[Result "1-0"]
[WhiteElo "1722"]
[BlackElo "2021"]
[PlyCount "101"]
[EventDate "2018.07.18"]
[EventType "swiss"]
[EventRounds "11"]
[EventCountry "CHN"]
[SourceTitle "CBM 185 Extra"]
[Source "ChessBase"]
[SourceDate "2018.07.29"]
[SourceVersion "1"]
[SourceVersionDate "2018.07.29"]
[SourceQuality "1"]

1. c4 Nf6 2. d4 e5 3. dxe5 Ng4 4. Nf3 Bc5 5. e3 Nc6 6. Bd2 0-0 7. Be2 Re8 8. 0-0 a5 9. a4 Ngxe5 10. Nxe5 Nxe5 11. Bc3 Bf8 12. Nd2 Ra6 13. Re1 Rh6 14. f4 Nc6 15. Bf3 Qh4 16. Nf1 Bc5 17. Kh1 d6 18. g3 Qe7 19. e4 Bh3 20. Ne3 Qd7 21. Qd2 Nb4 22. b3 c6 23. Rad1 Qc8 24. Qb2 f6 25. Bd4 Na6 26. g4 Bb4 27. Rg1 Nc7 28. Nf5 Rg6 29. Rg3 Ne6 30. Be3 h5 31. Rxh3 hxg4 32. Rg3 Nf8 33. Bxg4 Qc7 34. Bf3 Rxg3 35. hxg3 Ne6 36. Kg2 g6 37. Nh6+ Kg7 38. Ng4 Qe7 39. f5 gxf5 40. exf5 Nc5 41. Bd4 Nd7 42. Rh1 Ne5 43. Bxe5 dxe5 44. Qc1 Rg8 45. Rh7+ Kf8 46. Rxe7 Kxe7 47. Qh6 Rf8 48. Qg6 Bc5 49. Nh6 Kd7 50. Qg7+ Kc8 51. Ng8 1-0

[Event "CHN-chT2"]
[Site "Jiangmen"]
[Date "2018.07.12"]
[Round "5.2"]
[White "Li, Mingjing"]
[Black "Hong, Xing"]
[Result "1-0"]
[WhiteElo "1558"]
[BlackElo "2021"]
[PlyCount "51"]
[EventDate "2018.07.10"]
[EventType "team-swiss"]
[EventRounds "11"]
[EventCountry "CHN"]
[SourceTitle "EXT 2019"]
[Source "ChessBase"]
[SourceDate "2018.10.10"]
[SourceVersion "1"]
[SourceVersionDate "2018.10.10"]
[SourceQuality "1"]
[WhiteTeam "Jiangsu Reserve Talents"]
[BlackTeam "Qingdao Qingwei"]
[WhiteTeamCountry "CHN"]
[BlackTeamCountry "CHN"]

1. d4 Nf6 2. Bf4 e6 3. Nf3 d5 4. e3 c5 5. c3 Nh5 6. Bg3 Nd7 7. Bd3 c4 8. Bc2 b5 9. Nbd2 Bb7 10. Bh4 Qc7 11. 0-0 h6 12. Ne5 Nhf6 13. Nxd7 Nxd7 14. Bg3 Qd8 15. e4 Be7 16. f4 dxe4 17. Bxe4 Bxe4 18. Nxe4 Nf6 19. Nxf6+ Bxf6 20. f5 exf5 21. Rxf5 Qd7 22. Qe2+ Kf8 23. Qf3 Re8 24. Rf1 Kg8 25. Be5 Bxe5 26. dxe5 1-0

[Event "CHN-chT2"]
[Site "Jiangmen"]
[Date "2018.07.10"]
[Round "1.3"]
[White "Hong, Xing"]
[Black "Liang, Yaqi"]
[Result "1-0"]
[WhiteElo "2021"]
[BlackElo "1634"]
[PlyCount "55"]
[EventDate "2018.07.10"]
[EventType "team-swiss"]
[EventRounds "11"]
[EventCountry "CHN"]
[SourceTitle "EXT 2019"]
[Source "ChessBase"]
[SourceDate "2018.10.10"]
[SourceVersion "1"]
[SourceVersionDate "2018.10.10"]
[SourceQuality "1"]
[WhiteTeam "Qingdao Qingwei"]
[BlackTeam "Chongqing Fuling"]
[WhiteTeamCountry "CHN"]
[BlackTeamCountry "CHN"]

1. e4 c5 2. Nf3 d6 3. d4 cxd4 4. Nxd4 Nf6 5. Nc3 a6 6. Bg5 e6 7. f4 Be7 8. Qf3 Qc7 9. 0-0-0 Nbd7 10. Bd3 b5 11. Rhe1 Bb7 12. Qg3 b4 13. Nd5 Bxd5 14. exd5 Nxd5 15. Bxe7 Nxe7 16. Qxg7 Rg8 17. Qxh7 Nf6 18. Qh4 Nfd5 19. f5 e5 20. f6 Nc8 21. Nf5 Ncb6 22. Be4 Rc8 23. Re2 Qc5 24. Red2 a5 25. Rxd5 Nxd5 26. Rxd5 Qg1+ 27. Rd1 Qc5 28. Nxd6+ 1-0